[Event "Sinquefield Cup"]
[Site "Saint Louis"]
[Date "05.08.2016"]
[Round "1"]
[White "Anand, Viswanathan"]
[Black "Caruana, Fabiano"]
[Result "1/2-1/2"]
[WhiteTitle "GM"]
[BlackTitle "GM"]
[WhiteElo "2770"]
[BlackElo "2807"]
[WhiteFideId "5000017"]
[BlackFideId "2020009"]
[EventDate "2016.08.05"]

1. e4 e6 2. d4 d5 3. Nc3 Bb4 4. exd5 exd5 5. Bd3 Nf6 6. Ne2 O-O 7. O-O c6 8. Bg5
h6 9. Bh4 Re8 10. f3 Nbd7 11. Qd2 Nf8 12. Rae1 Bd7 13. a3 Be7 14. Bf2 Ng6 15.
Bg3 Nh5 16. Bxg6 fxg6 17. Be5 Bh4 18. Rd1 Bg5 19. f4 Be7 20. h3 Be6 21. Kh2 Nf6
22. Nc1 h5 23. Nd3 Bf5 24. Ne2 Ne4 25. Qe3 h4 26. Rc1 Rc8 27. c3 Qb6 28. b4 Bf6
29. Nc5 Nxc5 30. bxc5 Qb2 31. Ng1 b6 32. Nf3 bxc5 33. dxc5 Be4 34. Rce1 Re7 35.
Bxf6 gxf6 36. Nxh4 Rce8 37. Qg3 Rg7 38. Ra1 g5 39. fxg5 Rxg5 40. Qf2 Qxc3 41.
Qxf6 Qg3+ 42. Kg1 Qxg2+ 43. Nxg2 Rxg2+ 44. Kh1 Rf2+ 45. Kg1 1/2-1/2

[Event "Sinquefield Cup"]
[Site "Saint Louis"]
[Date "05.08.2016"]
[Round "1"]
[White "Topalov, Veselin"]
[Black "Svidler, Peter"]
[Result "1-0"]
[WhiteTitle "GM"]
[BlackTitle "GM"]
[WhiteElo "2761"]
[BlackElo "2751"]
[WhiteFideId "2900084"]
[BlackFideId "4102142"]
[EventDate "2016.08.05"]

1. e4 e5 2. Nf3 Nc6 3. Bb5 a6 4. Ba4 Nf6 5. O-O Be7 6. Re1 b5 7. Bb3 O-O 8. a4
b4 9. d3 d6 10. a5 Be6 11. Bxe6 fxe6 12. Nbd2 d5 13. c3 Bd6 14. d4 bxc3 15. bxc3
exd4 16. cxd4 dxe4 17. Nxe4 Bb4 18. Bd2 Nxe4 19. Rxe4 Qd5 20. Bxb4 Qxe4 21. Bxf8
Rxf8 22. Rc1 h6 23. Qd2 Rb8 24. Qe3 Qd5 25. h3 Rb4 26. Qc3 Nxd4 27. Qxb4 Ne2+
28. Kh1 1-0

[Event "Sinquefield Cup"]
[Site "Saint Louis"]
[Date "06.08.2016"]
[Round "2"]
[White "Caruana, Fabiano"]
[Black "Topalov, Veselin"]
[Result "1/2-1/2"]
[WhiteTitle "GM"]
[BlackTitle "GM"]
[WhiteElo "2807"]
[BlackElo "2761"]
[WhiteFideId "2020009"]
[BlackFideId "2900084"]
[EventDate "2016.08.05"]

1. e4 e5 2. Nf3 Nc6 3. Bb5 a6 4. Ba4 Nf6 5. O-O Be7 6. d3 b5 7. Bb3 d6 8. a4 Bd7
9. c3 Na5 10. Ba2 c5 11. Bg5 O-O 12. axb5 axb5 13. Na3 Qb8 14. Nc2 h6 15. Bh4 c4
16. Nb4 Be6 17. Re1 Qb7 18. d4 Bg4 19. Bb1 Nb3 20. Rxa8 Rxa8 21. Ba2 Nxe4 22.
Bxe7 Ned2 23. Bxb3 Nxf3+ 24. gxf3 Bxf3 25. Bxd6 Bxd1 26. Bxd1 exd4 27. cxd4 Qd7
28. Bg3 Qxd4 29. Bf3 Qd2 30. Rd1 Qxd1+ 31. Bxd1 Ra1 32. Kg2 Rxd1 33. Be5 f6 34.
Bc3 Kf7 35. Nc2 g5 36. h3 Kg6 37. Na3 Rd5 38. Kf3 f5 39. Kg3 f4+ 40. Kg2 Kf5 41.
f3 h5 1/2-1/2

[Event "Sinquefield Cup"]
[Site "Saint Louis"]
[Date "07.08.2016"]
[Round "3"]
[White "Svidler, Peter"]
[Black "Caruana, Fabiano"]
[Result "1/2-1/2"]
[WhiteTitle "GM"]
[BlackTitle "GM"]
[WhiteElo "2751"]
[BlackElo "2807"]
[WhiteFideId "4102142"]
[BlackFideId "2020009"]
[EventDate "2016.08.05"]

1. Nf3 Nf6 2. c4 e6 3. Nc3 d5 4. d4 Be7 5. Bg5 h6 6. Bh4 O-O 7. e3 Ne4 8. Bxe7
Qxe7 9. Rc1 c6 10. Bd3 Nxc3 11. Rxc3 dxc4 12. Bxc4 Nd7 13. O-O b6 14. Bd3 c5 15.
Be4 Rb8 16. Qa4 Nf6 17. Bc6 cxd4 18. Nxd4 e5 19. Nf3 Rd8 20. h3 a6 21. Rfc1 b5
22. Qa5 Be6 23. Qxa6 Nd5 24. Bxd5 Bxd5 25. Rc7 Qb4 26. Qa3 Qxa3 27. bxa3 Bxf3
28. gxf3 Ra8 29. R7c5 Rxa3 30. Rxe5 Rxa2 31. Rxb5 Rdd2 32. Rf1 Rdb2 33. Re5 Rb6
34. f4 Rab2 35. Kg2 g6 36. h4 h5 37. f5 Kg7 38. fxg6 Rxg6+ 39. Kh3 Rf6 40. Rg1+
Rg6 41. Rf1 Rf6 42. f4 Re2 43. Kg3 Re6 44. Kf3 Rh2 1/2-1/2

[Event "Sinquefield Cup"]
[Site "Saint Louis"]
[Date "11.08.2016"]
[Round "6"]
[White "Giri, Anish"]
[Black "Anand, Viswanathan"]
[Result "1/2-1/2"]
[WhiteTitle "GM"]
[BlackTitle "GM"]
[WhiteElo "2769"]
[BlackElo "2770"]
[WhiteFideId "24116068"]
[BlackFideId "5000017"]
[EventDate "2016.08.05"]

1. c4 c5 2. Nf3 Nf6 3. Nc3 Nc6 4. g3 d5 5. cxd5 Nxd5 6. Bg2 e6 7. O-O Be7 8. d4
O-O 9. e4 Ndb4 10. dxc5 Bxc5 11. e5 Bb6 12. a3 Nd5 13. Qe2 Bd7 14. Rd1 Nxc3 15.
bxc3 Qc7 16. a4 Ne7 17. Ng5 Bc6 18. Ba3 Bxg2 19. Kxg2 Bc5 20. Qe4 Ng6 21. Bxc5
Qxc5 22. Nf3 b6 23. Rd7 Qxc3 24. Rad1 Rac8 25. Rxa7 Rc4 26. Qb7 Rcc8 27. Re1 Rb8
28. Qe4 Qc5 29. Rb1 b5 30. Ra5 Qc4 31. Qxc4 bxc4 32. Rxb8 Rxb8 33. Rc5 Rb4 34.
a5 Ra4 35. Nd2 c3 36. Rc8+ Nf8 37. Nb3 g5 38. Rxc3 Ra3 39. Kf3 Ng6 40. Rc8+ Kg7
41. Rc3 1/2-1/2

[Event "Sinquefield Cup"]
[Site "Saint Louis"]
[Date "12.08.2016"]
[Round "7"]
[White "Topalov, Veselin"]
[Black "Giri, Anish"]
[Result "1/2-1/2"]
[WhiteTitle "GM"]
[BlackTitle "GM"]
[WhiteElo "2761"]
[BlackElo "2769"]
[WhiteFideId "2900084"]
[BlackFideId "24116068"]
[EventDate "2016.08.05"]

1. c4 e5 2. d3 Bb4+ 3. Nd2 Nf6 4. Nf3 Nc6 5. a3 Bxd2+ 6. Qxd2 d5 7. cxd5 Qxd5 8.
e4 Qd6 9. h3 a5 10. Be2 Nd7 11. Qc2 Nc5 12. Be3 Ne6 13. O-O O-O 14. b3 Rd8 15.
Rfc1 Bd7 16. Qb2 Be8 17. b4 axb4 18. axb4 Rxa1 19. Qxa1 b5 20. Qa3 Qxb4 21. Qxb4
Nxb4 22. Nxe5 f6 23. Bg4 Nd4 24. Bxd4 Rxd4 25. Nf3 Nxd3 26. Rxc7 Rd6 27. Rb7 h5
28. Bf5 g6 29. e5 Nxe5 30. Nxe5 gxf5 31. Rb8 Kf8 32. Ng6+ Kf7 33. Nf4 h4 34. g3
Bc6 35. gxh4 Rd4 36. Rb6 Rc4 37. h5 Kg7 38. Kh2 b4 39. Nd3 Rc3 40. Nxb4 Be4 41.
Rd6 Rf3 42. Nd5 Rxf2+ 43. Kg3 Rf3+ 44. Kh4 Bxd5 45. Rxd5 Kh6 1/2-1/2

[Event "Sinquefield Cup"]
[Site "Saint Louis"]
[Date "13.08.2016"]
[Round "8"]
[White "So, Wesley"]
[Black "Caruana, Fabiano"]
[Result "1/2-1/2"]
[WhiteTitle "GM"]
[BlackTitle "GM"]
[WhiteElo "2771"]
[BlackElo "2807"]
[WhiteFideId "5202213"]
[BlackFideId "2020009"]
[EventDate "2016.08.05"]

1. e4 e5 2. Nf3 Nc6 3. Bb5 Nf6 4. O-O Nxe4 5. Re1 Nd6 6. Nxe5 Be7 7. Bf1 Nxe5 8.
Rxe5 O-O 9. Nc3 Ne8 10. Nd5 Bd6 11. Re1 c6 12. Ne3 Be7 13. c4 Nc7 14. d4 d5 15.
cxd5 Bb4 16. Bd2 Bxd2 17. Qxd2 Nxd5 18. Nxd5 Qxd5 19. Re5 Qd6 20. Bc4 Bd7 21.
Qc3 Rae8 22. Rae1 Rxe5 23. dxe5 Qe7 24. Rd1 Be6 25. Bxe6 Qxe6 26. Qa5 b5 27.
Qxa7 Qxe5 28. Qd4 Qe6 29. a4 bxa4 30. Qxa4 h6 31. h3 Rb8 32. Rc1 Rxb2 33. Qxc6
Qxc6 34. Rxc6 1/2-1/2

[Event "Sinquefield Cup"]
[Site "Saint Louis"]
[Date "13.08.2016"]
[Round "8"]
[White "Anand, Viswanathan"]
[Black "Topalov, Veselin"]
[Result "1/2-1/2"]
[WhiteTitle "GM"]
[BlackTitle "GM"]
[WhiteElo "2770"]
[BlackElo "2761"]
[WhiteFideId "5000017"]
[BlackFideId "2900084"]
[EventDate "2016.08.05"]

1. e4 e5 2. Nf3 Nc6 3. Bb5 Nf6 4. O-O Nxe4 5. d4 Nd6 6. Bxc6 dxc6 7. dxe5 Nf5 8.
Qxd8+ Kxd8 9. h3 b6 10. Nc3 Ke8 11. Rd1 Bb4 12. Ne2 Bb7 13. Ned4 Nxd4 14. Nxd4
Bc5 15. Nf5 Rg8 16. g4 h5 17. Be3 g6 18. Nh6 Rh8 19. Bxc5 bxc5 20. g5 Bc8 21. h4
Ke7 22. f4 Be6 23. Rf1 Rad8 24. c3 Bh3 25. Rf2 Ke6 26. Re1 Rd3 27. Re4 Rhd8 28.
Ra4 Rd1+ 29. Kh2 R8d3 30. f5+ gxf5 31. Raf4 Bg4 32. Kg2 Bh3+ 33. Kh2 Bg4 34.
Nxg4 hxg4 35. Kg2 g3 36. Re2 Rb1 37. h5 Rdd1 38. Kxg3 Rh1 39. Rc4 Kd5 40. Rf4
Rbg1+ 41. Rg2 Rxg2+ 42. Kxg2 Rxh5 43. Rxf5 1/2-1/2

[Event "Sinquefield Cup"]
[Site "Saint Louis"]
[Date "13.08.2016"]
[Round "8"]
[White "Giri, Anish"]
[Black "Svidler, Peter"]
[Result "0-1"]
[WhiteTitle "GM"]
[BlackTitle "GM"]
[WhiteElo "2769"]
[BlackElo "2751"]
[WhiteFideId "24116068"]
[BlackFideId "4102142"]
[EventDate "2016.08.05"]

1. d4 Nf6 2. c4 g6 3. g3 c6 4. Nf3 Bg7 5. Bg2 d5 6. Qb3 O-O 7. O-O dxc4 8. Qxc4
Bf5 9. Rd1 Nbd7 10. Nh4 Nb6 11. Qb3 Bg4 12. Nc3 Nfd5 13. Nf3 Nxc3 14. bxc3 Qd5
15. Ba3 Rfe8 16. Ne5 Qxb3 17. axb3 Bxe2 18. Rd2 Bxe5 19. dxe5 Bg4 20. c4 a5 21.
Bc5 Nd7 22. Bd4 Ra6 23. Rda2 Rea8 24. f4 Be6 25. Bf1 b6 26. Be3 Kf8 27. Ra4 c5
28. Bg2 Re8 29. Bc6 Ra7 30. Bb5 Rc8 31. Rd1 Rac7 32. Ra2 Kg7 33. Rad2 Nb8 34.
Rd8 Nc6 35. Rxc8 Rxc8 36. Rd2 h5 37. Kg2 Bf5 38. h3 f6 39. exf6+ Kxf6 40. Ba4
Nd8 41. Bd7 Bxd7 42. Rxd7 Ke6 43. Rd1 Nf7 44. g4 hxg4 45. hxg4 Ra8 46. Bf2 Nd6
47. Re1+ Kf7 48. Rh1 a4 49. bxa4 Rxa4 50. Rh7+ Kf8 51. Rh8+ Kg7 52. Rb8 Nxc4 53.
Kf3 Kf7 54. Bh4 e5 55. f5 gxf5 56. gxf5 Nd6 57. Rxb6 Rf4+ 58. Ke2 Nxf5 59. Bg5
Ng3+ 60. Ke3 Rg4 61. Bd8 Nf5+ 62. Kf3 Rf4+ 63. Ke2 Nd4+ 64. Ke3 Ne6 65. Rb7+ Kg6
66. Ba5 Ra4 67. Bc3 Kf6 68. Kd3 Nf4+ 69. Kc2 Nd5 70. Bb2 c4 71. Rd7 Ke6 72. Rh7
c3 73. Rh6+ Kf5 74. Rh5+ Kf6 75. Bxc3 Rc4 76. Kd3 Rxc3+ 77. Ke4 Rc4+ 78. Kxd5
Rd4+ 79. Kc5 Rd1 80. Kc4 e4 81. Kc3 e3 82. Rh2 Kf5 83. Kc2 Rd8 84. Rh7 Kf4 0-1

[Event "Sinquefield Cup"]
[Site "Saint Louis"]
[Date "14.08.2016"]
[Round "9"]
[White "Vachier-Lagrave, Maxime"]
[Black "So, Wesley"]
[Result "1/2-1/2"]
[WhiteTitle "GM"]
[BlackTitle "GM"]
[WhiteElo "2819"]
[BlackElo "2771"]
[WhiteFideId "623539"]
[BlackFideId "5202213"]
[EventDate "2016.08.05"]

1. e4 e5 2. Nf3 Nc6 3. Bb5 Nf6 4. O-O Nxe4 5. d4 Nd6 6. Bxc6 dxc6 7. dxe5 Nf5 8.
Qxd8+ Kxd8 9. h3 Ke8 10. Nc3 h5 11. Bg5 Be6 12. Rad1 Be7 13. b3 a5 14. Rd3 Rd8
15. Rxd8+ Bxd8 16. Rd1 Bxg5 17. Nxg5 Ke7 18. Ne2 Nh4 19. g3 Ng6 20. Nxe6 fxe6
21. f4 Rf8 22. Rd4 c5 23. Re4 Rd8 24. Kf2 Rd1 25. g4 hxg4 26. hxg4 b5 27. f5 Nh4
28. Ng3 Ra1 29. a4 Ra2 30. axb5 Rxc2+ 31. Re2 Rxe2+ 32. Kxe2 c4 33. bxc4 a4 34.
Kd3 Nf3 35. f6+ Kf7 36. fxg7 Nxe5+ 37. Kc3 a3 38. c5 Nd3 39. Kb3 Nxc5+ 40. Kxa3
Kxg7 41. Kb4 Nd3+ 42. Kc4 Ne5+ 43. Kc5 Kh6 44. Ne2 c6 45. bxc6 Nxc6 46. Kxc6 Kg5
47. Kd6 Kxg4 1/2-1/2

[Event "Sinquefield Cup"]
[Site "Saint Louis"]
[Date "14.08.2016"]
[Round "9"]
[White "Topalov, Veselin"]
[Black "Aronian, Levon"]
[Result "1/2-1/2"]
[WhiteTitle "GM"]
[BlackTitle "GM"]
[WhiteElo "2761"]
[BlackElo "2792"]
[WhiteFideId "2900084"]
[BlackFideId "13300474"]
[EventDate "2016.08.05"]

1. e4 e5 2. Nf3 Nc6 3. Bb5 Nf6 4. d3 Bc5 5. c3 d5 6. exd5 Qxd5 7. Bc4 Qd6 8. Qe2
O-O 9. Nbd2 a5 10. Ng5 Bf5 11. Nde4 Nxe4 12. Nxe4 Bxe4 13. dxe4 Nd8 14. Bd2 c6
15. a4 Ne6 16. Rd1 Qe7 17. g3 Rad8 18. O-O Rd7 19. Bc1 Rfd8 20. Rxd7 Rxd7 21.
Kg2 g6 22. Bh6 Qf6 23. Qg4 Rd8 24. Bxe6 Qxe6 25. Qxe6 fxe6 26. Kf3 Kf7 27. Ke2
Rd7 28. h4 Bf8 29. Be3 Be7 30. Rb1 c5 31. g4 h5 32. gxh5 gxh5 33. Rh1 Rd8 34.
Rh3 Rg8 35. Rf3+ Ke8 36. Rg3 Kf7 37. Kd3 b6 38. Kc4 Bxh4 39. Rh3 Bg5 40. Bxg5
Rxg5 41. Kb5 Rg2 42. Rf3+ Ke7 43. Kxb6 Rg8 44. Rh3 c4 45. Rxh5 Rb8+ 46. Kc6 Rxb2
47. Rxe5 Rc2 48. Rxa5 Rxc3 49. Rc5 Rc2 50. Kb5 c3 51. Kb4 Rxf2 52. Rxc3 Kd6 53.
Rc4 Rf8 54. a5 Rb8+ 55. Ka3 Ra8 56. Ka4 Ra7 57. Rd4+ Kc5 58. Rd8 Rb7 59. Rc8+
Kd4 60. a6 Re7 61. Kb5 Kxe4 62. Rc4+ Kd3 63. Ra4 e5 64. Ra3+ Kd4 65. a7 Rb7+ 66.
Kc6 Rxa7 67. Rxa7 e4 68. Ra4+ Kd3 69. Kd5 e3 70. Ra3+ Kd2 71. Kd4 e2 72. Ra2+
Kd1 73. Kd3 e1=N+ 74. Kc3 Nf3 75. Rf2 Ne1 76. Rd2+ Kc1 77. Rh2 Kd1 78. Rf2 Kc1
79. Rd2 Nf3 80. Rd5 Ne1 81. Rd8 Nf3 1/2-1/2

[Event "Sinquefield Cup"]
[Site "Saint Louis"]
[Date "14.08.2016"]
[Round "9"]
[White "Svidler, Peter"]
[Black "Anand, Viswanathan"]
[Result "1/2-1/2"]
[WhiteTitle "GM"]
[BlackTitle "GM"]
[WhiteElo "2751"]
[BlackElo "2770"]
[WhiteFideId "4102142"]
[BlackFideId "5000017"]
[EventDate "2016.08.05"]

1. e4 e5 2. Nf3 Nc6 3. Bb5 Nf6 4. d3 Bc5 5. Bxc6 dxc6 6. Nbd2 Be6 7. O-O Bd6 8.
b3 Nd7 9. Nc4 O-O 10. h3 Qe7 11. Nxd6 cxd6 12. d4 f5 13. dxe5 dxe5 14. Ng5 f4
15. Nxe6 Qxe6 16. Ba3 Rfd8 17. Qe2 Nf6 18. Rfd1 g5 19. f3 Kf7 20. Rd3 Rxd3 21.
Qxd3 h5 22. Rd1 g4 23. hxg4 hxg4 24. Qd6 Qxd6 25. Rxd6 Rg8 26. Kf1 Rh8 27. Kg1
Rg8 28. Kf1 Rh8 29. Kg1 Rg8 30. Kf1 1/2-1/2

[Event "Sinquefield Cup"]
[Site "Saint Louis"]
[Date "14.08.2016"]
[Round "9"]
[White "Caruana, Fabiano"]
[Black "Giri, Anish"]
[Result "1-0"]
[WhiteTitle "GM"]
[BlackTitle "GM"]
[WhiteElo "2807"]
[BlackElo "2769"]
[WhiteFideId "2020009"]
[BlackFideId "24116068"]
[EventDate "2016.08.05"]

1. e4 e5 2. Nf3 Nc6 3. Bb5 a6 4. Ba4 Nf6 5. O-O Nxe4 6. d4 b5 7. Bb3 d5 8. dxe5
Be6 9. Qe2 Nc5 10. Rd1 Nxb3 11. cxb3 Be7 12. Nc3 O-O 13. Be3 Qd7 14. h3 Rad8 15.
Rd2 f6 16. Rad1 Nxe5 17. Nxe5 fxe5 18. Nxd5 Bxd5 19. Rxd5 Qxd5 20. Rxd5 Rxd5 21.
Qc2 c5 22. g3 Kh8 23. h4 Rfd8 24. Qe4 h6 25. Kg2 Bf6 26. Kh3 h5 27. a4 Rd3 28.
axb5 axb5 29. Qg6 e4 30. Qxh5+ Kg8 31. Qf5 Bxb2 32. Qxe4 c4 33. bxc4 bxc4 34.
Qxc4+ R3d5 35. g4 Kh8 36. g5 Bd4 37. Bxd4 Rxd4 38. Qf7 R8d7 39. Qe8+ Kh7 40.
Qh5+ Kg8 41. g6 Re4 42. Qh7+ Kf8 43. Qh8+ Ke7 44. Qxg7+ Ke6 45. Qh8 Rd3+ 46. Kh2 1-0